00368nam a2200145Ia 45000030006000000050017000060080041000230400009000640410012000730820015000851000032001002450046001322600036001783000008002140Nust20170105110258.0161124s9999 xx 000 0 und d cIGIS aEnglish a519.9bSER aprof sher Muhammad chaudhry aIntroduction to Statistical Theory part 1 aLahorebILMI Khitab Khanac2009 a551